000
00280nam a2200121Ia 4500
999
_c
6819
_d
6819
008
191201s2016 xx 000 0 und d
100
_a
ANAND KUMAR,A
245
0
_a
Digital Signal Processing
260
_b
PHI
_c
2016
300
_a
968
650
_a
B.Tech(ECE)
942
_2
ddc
_c
BK
_0
30